|
|
|
|
| LEADER |
01074nam a22002417a 4500 |
| 001 |
AAL9663 |
| 003 |
BD-DhAAL |
| 005 |
20180709110433.0 |
| 008 |
180709s2013 B a|||| |||| 001 0 B d |
| 999 |
|
|
|c 39626
|d 39626
|
| 020 |
|
|
|a 9847020500544
|
| 040 |
|
|
|a BD-DhAAL
|c BD-DhAAL
|
| 082 |
|
|
|a 954
|
| 100 |
|
|
|a হাসান, সৈয়দ মাহমুদুল
|9 26796
|
| 245 |
|
|
|a দক্ষিন এশিয়ার ইতিহাস /
|c সৈয়দ মাহমুদুল হাসান
|
| 260 |
|
|
|a ঢাকা :
|b নভেল পাবলিশিং,
|c ২০১৩
|
| 300 |
|
|
|a ১০৫৬ পৃ. :
|b চিত্র ;
|c ২২ সে.মি.
|
| 504 |
|
|
|6 গ্রন্থপঞ্জি অন্তর্ভূত
|
| 541 |
|
|
|e ৯৬৬৩
|
| 651 |
|
|
|a South Asia
|x History
|9 26797
|
| 852 |
|
|
|a Savar Campus Library
|c General Shelf
|
| 942 |
|
|
|2 ddc
|c BK
|
| 952 |
|
|
|0 0
|1 0
|2 ddc
|4 0
|6 954_000000000000000_HAS
|7 0
|9 63645
|a SCL
|b SCL
|c GEN
|d 2018-07-09
|e Development Book Agency
|g 552.00
|l 14
|m 20
|o 954 HAS
|p 3020009663
|r 2024-12-10
|s 2024-12-04
|t 1
|w 2018-07-09
|y BK
|